000 00698nam a2200277Ia 4500
005 20260320195800.0
008 008 262003s9999 xx 000 0 hin d
020 _a9788180313172
037 _aEBOOK
040 _aCRL
040 _bhin
040 _cCRL
041 _2hin
041 _ahin
084 _qCRL
100 _aरामधारी सिंह 'दिनकर'
_9160302
245 0 _aउर्वशी: दिनकर ग्रंथमाला
250 _a18th
260 _bRajkamal
260 _c2008
300 _a182
856 _uhttps://ebook.indiaread.in/pdfs/9788180313172.pdf
942 _cEBOOK
999 _c1716476
_d1716476